| 000 | 01832cam a22005054i 4500 | ||
|---|---|---|---|
| 003 | PE-LiUPU | ||
| 005 | 20250731184534.0 | ||
| 008 | 150623s r 000 0 d | ||
| 020 | _a0664257275 | ||
| 035 | _a(Sirsi) i9780664257279 | ||
| 040 |
_aPE-LiUPU _bspa _cPE-LiUPU _erda |
||
| 049 | _aPRUA | ||
| 082 | 0 | 4 |
_a933 _bH28 _221 |
| 100 | 1 |
_aHayes, John Haralson, _eautor. |
|
| 245 | 1 | 4 |
_aThe Jewish people in classical antiquity : _bfrom Alexander to Bar Kochba / _cJohn H. Hayes y Sara R. Mandell. |
| 264 | 1 |
_aLouisville, Kentucky : _bWestminster John Knox Press, _c1998. |
|
| 300 |
_a246 páginas : _bilustraciones, gráficos maps. cuadros ; _c23 centímetros |
||
| 336 |
_atext _2rdacontent |
||
| 337 |
_aunmediated _2rdamedia |
||
| 338 |
_avolume _2rdacarrier |
||
| 504 | _aIncluye bibliografía. | ||
| 505 | 0 | _aThe Jewish community under Ptolemaic and Seleucid rule. -the Hasmonaeans. -The Herodian period. -The Jewish-Roman wars. | |
| 526 | _aP136 | ||
| 526 | _aP135 | ||
| 526 | _aP134 | ||
| 526 | _aP133 | ||
| 526 | _aP144 | ||
| 526 | _aP143 | ||
| 526 | _aP87 | ||
| 526 | _aP35 | ||
| 526 | _aP20 | ||
| 526 | _aP14 | ||
| 526 | _aP10 | ||
| 526 | _aP06 | ||
| 650 | 0 | 4 |
_aJudaismo _xHistoria _yPeríodo Post-exilico, 586 A.C.-210 D. C. _94000 |
| 650 | 0 | 4 |
_aJudíos _xHistoria _y168 A.C.-135 D. C. |
| 650 | 0 | 4 |
_aJudíos _xHistoria _y586 A.C.-70 D.C. |
| 700 | 1 |
_aMandell, Sara R., _eautor. |
|
| 942 |
_2ddc _cBOOK |
||
| 949 |
_a933 H28 _wDEWEY _c1 _i48069 _lCCODEBUL1 _mBUL _r0 _sY _tBOOK _u2015-6-24 _xTEOLOGIA _PP35 _0COMPRA _o.STAFF. Colección General |
||
| 994 |
_aC0 _bPEPRU |
||
| 596 | _a1 | ||
| 999 |
_a933 H28 _wDEWEY _c24882 _i48069 _f2021-11-11 _g5 _lCCODEBUL1 _mBUL _r0 _sY _tBOOK _u2015-6-24 _xTEOLOGIA _PP35 _0COMPRA _o.STAFF. Colección General _d24882 |
||
| 980 |
_81 _gALBERTO SANCHEZ Responsable de Automatización |
||